000 00943nas a2200289 4500
001 BR8000016
003 BR-BrBNA
005 20231205084055.0
007 ta
008 230509b bl.|||p| |||| 00| 00por d
040 _aBR-BrBNA
_bpor
_cBiblioteca Nacional de Agricultura
041 _a(Pt)
072 _aH50; L74
100 1 _aOliveira, A.C.S. de
100 1 _aFelicio Filho, A.
100 1 _aMoreno, F.
100 1 _aSaturnino, M.A.C.
100 1 _aMoura, P.A.M. de
100 1 _aMachado, R.R.
100 1 _aMiranda, S.F. de
245 1 _aAs consequencias da geada para a agricultura mineira [Disturbio vegetal; Disturbio animal; Minas Gerais; Brasil]
650 _aGEADA
650 _aMINAS GERAIS
773 0 _tInforme Agropecuario - Empresa de Pesquisa Agropecuaria de Minas Gerais (Brazil)
_xISSN 0100-3364
_g(Jun 1979), v. 5(54) p. 3-15
_wBR8000016
909 _a202311
_bLúcia
_c55
_dLúcia Elande
942 _2AGRIS
_n0
_cANA
999 _c102969
_d102969